15 principales países con muertes de Covid-19 - 28 agosto - Estadísticas

Estadísticas generales
  • Esta prueba ha sido intentada 4 veces
  • La puntuación promedio es 17 de 19
Estadísticas de respuestas
país % Correcto
Brasil
100%
Chile
100%
Colombia
100%
España
100%
Estados Unidos
100%
Francia
100%
India
100%
Italia
100%
México
100%
Perú
100%
Reino Unido
100%
Rusia
100%
Suecia
100%
Bélgica
75%
Ecuador
75%
Irán
75%
Sudáfrica
75%
Bolivia
50%
Panamá
25%
No se encontraron pruebas coincidentes
Distribución de puntuación
Porcentaje de gente con cada puntuación
Porcentaje por número respondido
Historial de tus puntuaciones
No has intentado esta prueba.